000 00767nam a22002417a 4500
005 20170124110206.0
010 _aA-899313
020 _c00.00
_a8173710406
035 _aA-899313
037 _bCen Lib/Ret
040 _aDPL
_bEN
082 _a004.6
_bHAR
100 _aHartley, John
_937271
245 _aElectronic data interchange :
_cby John Hartley
_bgatway to world class supply chain management /
260 _aHyderabad
_bUniversities Press
_c1993
270 _aHyderabad
_bHyderabad
300 _axiv,158p.
_c20cm(Hb)
500 _aIncludes bibliographical reference and index
650 _aBusiness--Data processing
_921370
650 _aElectronic data interchange
_937272
700 _937263
942 _2ddc
_cEN
_h004.6
_mHAR
999 _c133230
_d133230